000 00631nam a22002057a 4500
005 20251108164240.0
008 250721s1990 xx 000 0 ara d
082 1 4 _a327.73056/ربي
100 1 _aالربيع، محمد عبد العزيز
245 1 0 _aصنع السياسة الأمريكية و العرب /
264 1 _aعمان :
_bدار الكرمل،
_c1990.
300 _a250ص
650 1 7 _aالولايات المتحدة
650 1 7 _aالعلاقات الدولية
650 1 7 _aالبلدان العربية
650 1 7 _aالسياسة
650 1 7 _aالحكومة
942 _2ddc
_cBK
999 _c7414
_d7414